Hotels and motels : a guide to market analysis, investment analysis and valuations
| Main Author: | |
|---|---|
| Format: | Book |
| Published: |
Chicago :
Appraisal Institute ,
1992
|
| Subjects: |
MARC
| LEADER | 00000cam a2200000 7i4500 | ||
|---|---|---|---|
| 001 | 0000001518 | ||
| 005 | 20050503.0 | ||
| 020 | |a 0922154066 | ||
| 040 | |a INS | ||
| 090 | 0 | 0 | |a TX911.3.V34 |b R86 1992 |
| 100 | 1 | |a Rushmore, Stephen | |
| 245 | 1 | 0 | |a Hotels and motels : |b a guide to market analysis, investment analysis and valuations |c Stephen Rushmore |
| 260 | |a Chicago : |b Appraisal Institute , |c 1992 | ||
| 300 | |a 257p. | ||
| 650 | 0 | 0 | |a Hotels, tavems, etc |
| 650 | 0 | 0 | |a Hotels |x valuation |
| 650 | 0 | 0 | |a Motels |x valuation |z US |
| 999 | |a 0000007058 |b BOOK |c Open Shelf |e Default branch | ||